Statistics for Deadly Elements

Click here to take the quiz!

General Stats

  • This quiz has been taken 24 times
  • The average score is 7 of 18

Answer Stats

HintAnswer% Correct
a radioactive element that was nicknamed the most poisonous element in the worldplutonium
90%
an element that Marie Curie discovered (starts with the letter r)radium
90%
an element that has a symbol of Pblead
85%
a deadly element used in a green pigmentarsenic
65%
a normal element that forms the poisonous compound, osmium tetraoxideosmium
50%
an element that vaporizes itself due to the intense heat it emits(symbol At)astatine
40%
an element that builds up in granite rock after timepolonium
40%
another element that was used in WW2 ally bombs (flammable)phosphorus
35%
a liquid element that is reddish and evaporates into a reddish gasbromine
30%
the most expensive element in pure form that is radioactiveberkelium
25%
the element that is known for emitting neutronscalifornium
25%
a notorious poison like its cousin (common in locoweed)selenium
25%
an element that was used in WW2 ally bombs (flammable)magnesium
20%
a radioactive element that emits gamma raystechnetium
20%
an explosive element that is used in atomic clockscaesium
15%
an element that was associated with nuclear bombs in radioactive formstrontium
15%
an element that can be made into yellow pigmentcadmium
10%
an extremely poisonous elementthallium
5%

Score Distribution

Percentile by Number Answered

Percent of People with Each Score

Your Score History

You have not taken this quiz